000 00373nam a2200145Ia 4500
008 151213s9999 xx 000 0 und d
020 _a1015-6836
100 _aAsiatic Society
245 _aJournal of Asiatic Society
_cAsiatic Society
260 _aDhaka
_bAsiatic Socitey
_c2005
300 _a7192 p.
650 _aReference
700 _aAsiatic Society
999 _c3830
_d3830